01017cam a2200253 a 450000100060000000300080000600500170001400800410003102000150007203500190008704000270010604100080013308200240014110000310016524500870019626000370028330000350032050400510035565000340040694200120044099900170045295201460046995201480061515403BD-RjUL20211208235816.0140210s2000 enka b 001 0 eng  a0333775929 a(BD-RjUL)15457 aDLCcDLCdBD-RjULbeng aeng00a658.5221bHIO 20001 aHill, Terry,d1940-94784910aOperations management ;bstrategic context and managerial analysis /cTerry Hill. aBasingstoke :bMacmillan,c2000. axv, 704 p. :bill. ;c25 cm. + aIncludes bibliographical references and index. 0aProduction management.947850 2ddccBK c15403d15403 00102ddc40708NFICaRUCLbRUCLcStackd2006-08-08eParagon Enterprisesg29.99l0o658.5 HIO 2000r2014-02-10 00:00:00tC-2w2014-02-10yBK 00102ddc40718NFICaRUCLbRUCLcReadingd2006-08-08eParagon Enterprisesg29.99l0o658.5 HIO 2000r2016-12-31 00:00:00tC-1w2016-12-31yBK